A Colón, el Círculo de Bellas Artes, 1492-1892. (Record no. 182861)

MARC details
000 -LEADER
campo de control de longitud fija 00907nam a2200217 i 4500
001 - NÚMERO DE CONTROL
campo de control 182861
003 - IDENTIFICADOR DE NÚMERO DE CONTROL
campo de control ES-MaACL
005 - FECHA Y HORA DE LA ÚLTIMA TRANSACCIÓN
campo de control 20240125215138.0
008 - DATOS DE LONGITUD FIJA--INFORMACIÓN GENERAL
campo de control de longitud fija 131119s1892 sp afg |||| | spa d
080 ## - NÚMERO DE LA CLASIFICACIÓN DECIMAL UNIVERSAL
Número de la Clasificación Decimal Universal 929 Colón, Cristóbal (067.5)
245 00 - MENCIÓN DEL TÍTULO
Título A Colón, el Círculo de Bellas Artes, 1492-1892.
260 ## - PUBLICACIÓN, DISTRIBUCIÓN, ETC.
Lugar de publicación, distribución, etc. [Madrid] :
Nombre del editor, distribuidor, etc. Círculo de Bellas Artes,
Fecha de publicación, distribución, etc. [1892]
300 ## - DESCRIPCIÓN FÍSICA
Extensión 73 p., [4] h. de lám. col. y n. :
Otras características físicas il., mús. ;
Dimensiones 38 cm.
530 ## - NOTA DISPONIBLE DE FORMULARIO FÍSICO ADICIONAL
Nota de formato físico adicional disponible Disponible en formato digital.
600 14 - PUNTO DE ACCESO ADICIONAL DE MATERIA--NOMBRE DE PERSONA
Nombre de persona Colón, Cristóbal-
Subdivisión de forma Aniversarios y centenarios.
9 (RLIN) 166344
700 1# - ENTRADA AGREGADA--NOMBRE PERSONAL
Nombre de persona Colón, Cristóbal.
9 (RLIN) 39869
710 2# - ENTRADA AGREGADA--NOMBRE DE ENTIDAD CORPORATIVA
Nombre de entidad corporativa o nombre de jurisdicción como elemento de entrada Círculo de Bellas Artes (Madrid)
9 (RLIN) 2817
852 ## - LOCALIZACIÓN
Ubicación ES-MaACL
Número de control de estantería R-1748(7)
Nota libre - Encuadernado con otras obras
Encuadernación Olim: T-651-F
856 ## - LOCALIZACIÓN Y ACCESO ELECTRÓNICOS
Identificador Uniforme de Recursos <a href="http://www.bibliotecavirtualdeandalucia.es/catalogo/es/consulta/registro.cmd?id=1038934">http://www.bibliotecavirtualdeandalucia.es/catalogo/es/consulta/registro.cmd?id=1038934</a>
Nota pública Biblioteca Virtual de Andalucía
Holdings
Estatus retirado Estado de pérdida Estado de daño No para préstamo Colección Biblioteca de origen Biblioteca actual Ubicación en estantería Fecha de adquisición Fuente de adquisición Total de préstamos Signatura topográfica completa Código de barras Visto por última vez Precio de reemplazo Tipo de ítem Koha
        Colección digital Biblioteca del Ateneo de Madrid Biblioteca del Ateneo de Madrid Depósito 19/11/2013     R-1748(7) 1192181 23/02/2023 23/02/2023 Libro impreso antiguo